<?xml version="1.0" encoding="UTF-8"?>
<collection xmlns="http://www.loc.gov/MARC21/slim">
 <record>
  <leader>03691cam a2200349 a 4500</leader>
  <controlfield tag="001">1/45303</controlfield>
  <controlfield tag="008">140822s2002    us            001 0 eng  </controlfield>
  <datafield tag="020" ind1=" " ind2=" ">
   <subfield code="a">9781558604568</subfield>
  </datafield>
  <datafield tag="020" ind1=" " ind2=" ">
   <subfield code="a">1558604561</subfield>
  </datafield>
  <datafield tag="020" ind1=" " ind2=" ">
   <subfield code="a">9780080517605</subfield>
  </datafield>
  <datafield tag="020" ind1=" " ind2=" ">
   <subfield code="a">0080517609</subfield>
  </datafield>
  <datafield tag="035" ind1=" " ind2=" ">
   <subfield code="l">48263</subfield>
  </datafield>
  <datafield tag="040" ind1=" " ind2=" ">
   <subfield code="a">OPELS</subfield>
   <subfield code="b">eng</subfield>
   <subfield code="c">OPELS</subfield>
   <subfield code="d">OKU</subfield>
   <subfield code="d">OCLCQ</subfield>
   <subfield code="d">UMI</subfield>
   <subfield code="d">GR-PeUP</subfield>
  </datafield>
  <datafield tag="100" ind1="1" ind2=" ">
   <subfield code="a">Melton, Jim,</subfield>
   <subfield code="d">1946-</subfield>
  </datafield>
  <datafield tag="245" ind1="1" ind2="0">
   <subfield code="a">SQL:1999</subfield>
   <subfield code="h">[electronic resource] :</subfield>
   <subfield code="b">understanding relational language components /</subfield>
   <subfield code="c">Jim Melton, Alan R. Simon.</subfield>
  </datafield>
  <datafield tag="260" ind1=" " ind2=" ">
   <subfield code="a">San Francisco, Calif. ;</subfield>
   <subfield code="a">London :</subfield>
   <subfield code="b">Morgan Kaufmann,</subfield>
   <subfield code="c">c2002.</subfield>
  </datafield>
  <datafield tag="300" ind1=" " ind2=" ">
   <subfield code="a">1 online resource (xxxii, 893 p.) :</subfield>
   <subfield code="b">ill.</subfield>
  </datafield>
  <datafield tag="490" ind1="1" ind2=" ">
   <subfield code="a">The Morgan Kaufmann series in data management systems</subfield>
  </datafield>
  <datafield tag="504" ind1=" " ind2=" ">
   <subfield code="a">Includes bibliographical references and index.</subfield>
  </datafield>
  <datafield tag="505" ind1="0" ind2=" ">
   <subfield code="a">Database and technology foundations -- Introduction to SQL: 1999 -- Basic table creation and data manipulation -- Basic data definition language (DDL) -- Values, basic functions, and expressions -- Advanced value expressions : CASE, CAST, and row value expressions -- Predicates -- Working with multiple tables : the relational operators -- Advanced SQL query expressions -- Constraints, assertions, and referential integrity -- Active databases and triggers -- Accessing SQL from the real world -- Cursors -- Privileges, users, and security -- Transaction management -- Connections and remote database access -- Routines and routine invocation (functions and procedures) -- Dynamic SQL -- Call-level interface (CLI) -- Diagnostics and error management -- Internationalization aspects of SQL: 1999 -- Information schema -- A look to the future.</subfield>
  </datafield>
  <datafield tag="520" ind1=" " ind2=" ">
   <subfield code="a">This book is the best way to make the leap from SQL-92 to SQL:1999, but it is much more than just a simple bridge between the two. The latest from celebrated SQL experts Jim Melton and Alan Simon, SQL:1999 is a comprehensive, eminently practical account of SQL's latest incarnation and a potent distillation of the details required to put it to work. Written to accommodate both novice and experienced SQL users, SQL:1999 focuses on the language's capabilities, from the basic to the advanced, and the ways that real applications take advantage of them. Throughout, the authors illustrate features and techniques with clear and often entertaining references to their own custom database, which can be downloaded from the companion Web site. * Gives authoritative coverage from an expert team that includes the editor of the SQL-92 and SQL:1999 standards. * Provides a general introduction to SQL that helps you understand its constituent parts, history, and place in the realm of computer languages. * Explains SQL:1999's more sophisticated features, including advanced value expressions, predicates, advanced SQL query expressions, and support for active databases. * Explores key issues for programmers linking applications to SQL databases. * Provides guidance on troubleshooting, internationalization, and changes anticipated in the next version of SQL. * Contains appendices devoted to database design, a complete SQL:1999 example, the standardization process, and more.</subfield>
  </datafield>
  <datafield tag="650" ind1=" " ind2="4">
   <subfield code="a">SQL (Computer program language).</subfield>
  </datafield>
  <datafield tag="650" ind1=" " ind2="4">
   <subfield code="a">Database management.</subfield>
  </datafield>
  <datafield tag="655" ind1=" " ind2="4">
   <subfield code="a">Electronic books.</subfield>
  </datafield>
  <datafield tag="700" ind1="1" ind2=" ">
   <subfield code="a">Simon, Alan R.</subfield>
  </datafield>
  <datafield tag="830" ind1=" " ind2="0">
   <subfield code="a">Morgan Kaufmann series in data management systems.</subfield>
  </datafield>
  <datafield tag="852" ind1=" " ind2=" ">
   <subfield code="a">INST</subfield>
   <subfield code="b">UNIPILB</subfield>
   <subfield code="c">EBOOKS</subfield>
   <subfield code="e">20140822</subfield>
   <subfield code="p">00b48263</subfield>
   <subfield code="q">00b48263</subfield>
   <subfield code="t">ONLINE</subfield>
   <subfield code="y">0</subfield>
  </datafield>
  <datafield tag="856" ind1="4" ind2="0">
   <subfield code="3">ScienceDirect</subfield>
   <subfield code="u">http://www.sciencedirect.com/science/book/9781558604568</subfield>
  </datafield>
  <datafield tag="856" ind1="4" ind2=" ">
   <subfield code="d">/webopac/covers/03/48263_9781558604568.jpg</subfield>
  </datafield>
  <datafield tag="856" ind1="4" ind2=" ">
   <subfield code="d">/webopac/covers/03/48263_1558604561.jpg</subfield>
  </datafield>
  <datafield tag="856" ind1="4" ind2=" ">
   <subfield code="d">/webopac/covers/03/48263_9780080517605.jpg</subfield>
  </datafield>
  <datafield tag="856" ind1="4" ind2=" ">
   <subfield code="d">/webopac/covers/03/48263_0080517609.jpg</subfield>
  </datafield>
 </record>
</collection>
